La formación del profesorado de EGB: análisis de la situación española
Guardat en:
| Autors principals: | , |
|---|---|
| Format: | Llibre |
| Idioma: | espanyol |
| Publicat: |
Madrid
Ministerio Universidades e Investigación
1980
Madrid Secretaría General Técnica Gabinete de Asuntos Generales 1980 |
| Matèries: | |
| Etiquetes: |
Afegir etiqueta
Sense etiquetes, Sigues el primer a etiquetar aquest registre!
|
MARC
| LEADER | 00000nam a2200000 a 4500 | ||
|---|---|---|---|
| 001 | UCZ8158 | ||
| 003 | CL-VaPUC | ||
| 008 | 960112e19800000SP |||||||||||||||||spa|d | ||
| 082 | 0 | 4 | |a 370.71 |b GIM |2 21 |
| 100 | |a Gimeno Sacristán, José |e autor |9 814227 | ||
| 700 | 0 | |a Fernández Pérez, Miguel |e author |9 353338 | |
| 245 | 1 | 3 | |a La formación del profesorado de EGB: análisis de la situación española |
| 300 | |a 165 p | ||
| 942 | |c BK | ||
| 945 | |d 19960112 00:00:00 |a lriquelm | ||
| 260 | |a Madrid |b Ministerio Universidades e Investigación |c 1980 | ||
| 260 | |a Madrid |b Secretaría General Técnica Gabinete de Asuntos Generales |c 1980 | ||
| 650 | 0 | |a Formación profesional de profesores |9 307493 | |
| 650 | 0 | |a Currículo |9 307290 | |
| 650 | 0 | |a Capacitación docente |9 312871 | |
| 650 | 0 | |a Investigación educacional |9 261192 | |
| 650 | 0 | |a Educación básica |9 224933 | |
| 583 | |a last modification |c 20130414 12:09:35 |k Rodrigo Vera | ||
| 999 | |c 244110 |d 244108 | ||
| 952 | |0 0 |1 0 |4 0 |6 370_710000000000000_GIM_1980_1980 |7 0 |8 A |9 258057 |a BIBEDU |b BIBEDU |c ES_NOD |d 2019-11-19 |i 1616161 |o 370.71 GIM 1980 1980 |p 1616161 |r 2023-08-09 |w 2019-11-19 |y BK |k EDU | ||